| 000 | 02524nam a2200325Ia 4500 | ||
|---|---|---|---|
| 003 | OSt | ||
| 005 | 20211029150623.0 | ||
| 008 | 210310s2014 ck ad fr 000 0dspa d | ||
| 020 | _a9789587622096 | ||
| 040 |
_aCO-JMCR _cCO-JMCR |
||
| 041 | 0 | _aspa | |
| 082 | 0 | 4 |
_a338.9861 / _bV715p _223 |
| 100 | 1 |
_aVillamizar Jaimes, Mauricio, _917983 _eautor |
|
| 245 | 1 | 0 |
_aPolítica económica : _baplicaciones para Colombia / _cMauricio Villamizar Jaimes |
| 250 | _aPrimera edición | ||
| 260 |
_aBogotá : _bEdiciones de la U, _c2014 |
||
| 300 |
_a204 páginas : _bilustraciones y gráficas a blanco y negro ; _c24 cm. |
||
| 490 | 0 | _aFinanzas | |
| 500 | _aIncluye datos biográficos del autor y hojas de respuestas de los ejercicios de cada capítulo. | ||
| 504 | _aBibliografía: página 195 | ||
| 505 | 0 | _aLa política fiscal -- La demanda de dinero -- La oferta monetaria -- La política cambiaria -- La economía abierta --Política comercial | |
| 520 | 3 | _aLa política económica son las decisiones que implementa el Estado para conducir la economía del país, en busca de un alto nivel y rápido crecimiento de la producción, unos precios estables y un alto nivel de empleo, con bajo desempleo involuntario. Las principales políticas económicas son la fiscal, monetaria, cambiaria y comercial. En este libro se estudian estas cuatro políticas y las interacciones entre ellas. En el capítulo 1 se explica la política fiscal. La política monetaria, debido a su extensión, se aborda en dos capítulos, en el capítulo 2 se estudia la demanda del dinero y en el capítulo 3 la oferta monetaria. Estos tres primeros capítulos se desarrollan desde la perspectiva de una economía cerrada. En el capítulo 4 se expone la política cambiaria. En el capítulo 5 se analizan las políticas fiscal y monetaria en una economía abierta. Y en el capítulo 6 se explica la política comercial. Este libro ha sido escrito de una manera clara y sencilla, para que cualquier persona lo pueda entender, sin embargo, por la complejidad del tema, es necesario que el lector tenga conocimientos previos en economía, especialmente en macroeconomía. Los temas son complementados con ejercicios matemáticos y talleres prácticos, para reforzar el aprendizaje. | |
| 650 | 1 | 4 |
_aPolítica fiscal _917985 |
| 650 | 2 | 4 |
_aDemanda de dinero _941349 |
| 650 | 2 | 4 |
_aOferta monetaria _938831 |
| 650 | 2 | 4 |
_aPolítica cambiaria _941350 |
| 650 | 2 | 4 |
_aEconomía abierta _941351 |
| 650 | 2 | 4 |
_aPolítica comercial _96253 |
| 942 |
_2ddc _cBK |
||
| 999 |
_c8684 _d8684 |
||